Statistics for Closest country acrostics- Q and R countries

Click here to take the quiz!

General Stats

  • This quiz has been taken 600 times
    (590 since last reset)
  • The average score is 31 of 38

Answer Stats

HintAnswer% Correct
RRwanda
93%
OOman
92%
AAzerbaijan
91%
AArmenia
90%
OOman
90%
RRomania
90%
RRussia
90%
UUganda
88%
RRomania
87%
TTurkmenistan
87%
MMoldova
86%
AAlbania
85%
UUkraine
85%
GGabon
84%
AAngola
83%
EEquatorial Guinea
83%
IItaly
83%
NNigeria
83%
BBurundi
82%
EEthiopia
82%
AAustria
80%
CCameroon
80%
FFrance
80%
HHungary
80%
IItaly
79%
NNetherlands
78%
SSweden
78%
LLesotho
77%
RRepublic of the Congo
77%
DDemocratic Republic of the Congo
76%
NNamibia
76%
TTogo
76%
AAustria
71%
SSlovakia
71%
IIsrael
69%
CCentral African Republic
68%
PPortugal
68%
AArmenia
51%

Score Distribution

Percentile by Number Answered

Percent of People with Each Score

Your Score History

You have not taken this quiz since the last reset